| 000 | 01143cam a22002775a 4500 | ||
|---|---|---|---|
| 001 | L140281 | ||
| 008 | 070914s2008 xxkk f 001 0 eng d | ||
| 020 | _a978021955301 | ||
| 035 | _a(Sirsi) u140281 | ||
| 041 | 0 | _aeng | |
| 050 | 0 | 4 | _a346.410432 $2 18 |
| 100 | 1 | _aSara, C. | |
| 245 | 0 | 0 | _aBoundaries and easements |
| 250 | _a4th ed. | ||
| 260 |
_aLondon _bSweet & Maxwell _c2007 |
||
| 300 |
_aliv, 835p. _c24cm. |
||
| 350 | _a175 | ||
| 505 | 2 | _aBoundaries -- Easements -- Remedies -- Precedents -- Statutes -- Statutory instruments | |
| 520 | _aNew edition of this reference work which has been updated and expanded to cover new legislation, including the Commons Act 2006 and the Land Registration Rules 2003, as well as recent case law. The text is divided into four sections dealing with boundaries, easements, remedies and precedents respectively. Includes references to case law, statutes and statutory instruments. | ||
| 521 | 2 | _aAdvanced | |
| 590 | _aKA | ||
| 651 | 4 |
_aUnited Kingdom _y |
|
| 690 |
_aBoundary disputes _96221 |
||
| 690 | _aPROPERTY-PROPERTY MANAGEMENT-BOUNDARY DETERMINATION-BOUNDARIES | ||
| 942 | _n0 | ||
| 999 |
_c107470 _d107470 |
||